000 00460nam a2200193Ia 4500
005 20240823050824.0
008 240823s9999||||xx |||||||||||||| ||und||
020 _a81-8094-050-0
041 _aENGLISH
082 _A512.81 P8
100 _aRobert D Carmichael
245 4 _aThe Theory of Numbers
250 _a1st
260 _c2008
_b"MJP Publishers,Ch"
_aChennai
500 _aYES
650 _aNumbers
_bMathematics
942 _cBK
999 _c218132
_d218132